01422cam a22003615i 4500999001900000001000900019005001700028008004100045010001700086020002900103020002600132025002600158035002400184035002100208037005300229040007000282042002100352043001200373050002300385082001800408245015100426300008200577504004100659650003700700651004800737655003200785700006300817700003600880700003200916700003300948906004500981955003401026 c510902d5109032008708320190904061209.0160530t20162016ii af b 010 0 eng c a 2017326035 a9789382823421 (hardback) a9382823425 (hardback) aI-E-2017326035; 72-13 a(OCoLC)ocn950889979 a(OCoLC)950889979 bLibrary of Congress -- New Delhi Overseas Office aDKAGEbengerdacDKAGEdOCLCOdOCLCFdOCLCQdYLSdOCLCAdOCLdDLC alccopycatalcode aa-ii--- 4aKNS1760b.C66 201604a342.5402922300aConstitutional government in India :bessays in honour of Shri T.N. Chaturvedi /c[edited] by Dr. Lokendra Malik, Dr. Kusum Lata, Dr. Avneet Kaur. axiv, 260 pages, 7 pages of plates :billustrations (black and white) ;c25 cm aIncludes bibliographical references. 0aConstitutional lawzIndia.99611 0aIndiaxPolitics and governmenty1947-99613 7aFestschriften.2lcgft996171 aChaturvedi, T. N.q(Triloki Nath),d1928-ehonouree.996201 aMalik, Lokendra,eeditor.996231 aLata, Kusum,eeditor.996261 aKaur, Avneet,eeditor.99628 a7bparccopycatd3encipf20gy-gencatlg bwd49 2017-10-23 to Cataloging